Sports Quiz

Random Sports or WWE Quiz
Score 0/117 Timer 08:00
0 Plays Today
Year Wrestler % Correct
1975Vacant
100%
1980Vacant
100%
1980Vacant
100%
1981Vacant
100%
1982Vacant
100%
1984Vacant
100%
1985Vacant
100%
1992Vacant
100%
1999Vacant
100%
2000Title Retired
100%
1975Ric Flair
90.7%
1977Ric Flair
90.7%
1998Chris Benoit
90.7%
1998Chris Benoit
90.7%
1999Chris Benoit
90.7%
1989Sting
90%
1986Arn Anderson
87.7%
1990Arn Anderson
87.7%
1991Arn Anderson
87.7%
1995Arn Anderson
87.7%
1997Booker T
87.7%
1998Booker T
87.7%
1998Booker T
87.7%
1998Booker T
87.7%
1998Booker T
87.7%
1998Chris Jericho
87.7%
1999Booker T
87.7%
1999Scott Hall
84.4%
1985Dusty Rhodes
83.6%
1985Dusty Rhodes
83.6%
1986Dusty Rhodes
83.6%
1996Lex Luger
83.6%
1996Lex Luger
83.6%
1991Steve Austin
82.9%
1992Steve Austin
82.9%
1988Rick Steiner
82.5%
1999Rick Steiner
82.5%
1999Rick Steiner
82.5%
1992Scott Steiner
82.2%
Year Wrestler % Correct
1998Scott Steiner
82.2%
1977Rick Steamboat
80.7%
1978Rick Steamboat
80.7%
1992Ricky Steamboat
80.7%
1993Ricky Steamboat
80.7%
1984Tully Blanchard
79.2%
1985Tully Blanchard
79.2%
1986Tully Blanchard
79.2%
2000Jim Duggan
76.6%
1993Lord Steven Regal
74.7%
1994Lord Steven Regal
74.7%
1996Lord Steven Regal
74.7%
1997Lord Steven Regal
74.7%
1992Barry Windham
74.3%
1995Diamond Dallas Page
74.3%
1998Stevie Ray
68%
1997Disco Inferno
66.2%
1997Disco Inferno
66.2%
1991Bobby Eaton
65.1%
1997Perry Saturn
64.3%
1997Alex Wright
63.6%
1998Konnan
63.6%
1994Johnny B. Badd
62.8%
1995Johnny B. Badd
62.8%
1996Johnny B. Badd
62.8%
1980Roddy Piper
62.1%
1983Roddy Piper
62.1%
1976Greg Valentine
61.7%
1977Greg Valentine
61.7%
1981Greg Valentine
61.7%
1981Greg Valentine
61.7%
1998Fit Finlay
59.9%
1989The Great Muta
58%
1998Rick Martel
58%
1997Prince Iaukea
56.9%
1974Ivan Koloff
56.1%
1974Ivan Koloff
56.1%
1981Ivan Koloff
56.1%
1982Ivan Koloff
56.1%
Year Wrestler % Correct
1982Ivan Koloff
56.1%
1987Nikita Koloff
56.1%
1974Paul Jones
54.6%
1974Paul Jones
54.6%
1975Paul Jones
54.6%
1976Paul Jones
54.6%
1978Paul Jones
54.6%
1995The Renegade
54.6%
1976Rufus R. Jones
54.3%
1977Rufus R. Jones
54.3%
1993Paul Orndorff
52.4%
1997Ultimo Dragon
52.4%
1997Ultimo Dragon
52.4%
1982Mike Rotundo
48.7%
1988Mike Rotundo
48.7%
1989Mike Rotundo
48.7%
1994Larry Zbyszko
48.3%
1982Jimmy Valiant
41.6%
1982Jimmy Valiant
41.6%
1982Jimmy Valiant
41.6%
1983Charlie Brown
41.6%
1990The Z-Man
40.5%
1983Dick Slater
40.1%
1983Dick Slater
40.1%
1976Mr. Wrestling
34.2%
1984Mark Youngblood
30.1%
1981Sweet Ebony Diamond
29.4%
1981Sweet Ebony Diamond
29.4%
1982Bad Leroy Brown
27.9%
1977Baron Von Raschke
23.8%
1978Baron Von Raschke
23.8%
1974Danny Miller
23.4%
1980Masked Superstar
20.1%
1981Ron Bass
20.1%
1983The Great Kabuki
19.7%
1978Johnny Weaver
18.2%
1982Jos LeDuc
16.7%
1983Jos LeDuc
16.7%
1976Angelo Mosca
16.4%
Remove Ads.
Support Sporcle.
Get the best of Sporcle when you Go Orange. This ad-free experience offers more features, more stats, and more fun while also helping to support Sporcle. Thank you for becoming a member.

You're not logged in!

Compare scores with friends on all Sporcle quizzes.
OR
Log In

Show Comments

Extras

Top Quizzes Today


Score Distribution

Your Account Isn't Verified!

In order to create a playlist on Sporcle, you need to verify the email address you used during registration. Go to your Sporcle Settings to finish the process.

Report this User

Report this user for behavior that violates our Community Guidelines.

Details: